Ruxley Electronics and Constructions Ltd v Forsyth; Laddingford Enclosures Ltd v Forsyth (Record no. 1570)
[ view plain ]
| 000 -LEADER | |
|---|---|
| fixed length control field | 01656cab a2200241 4500 |
| 001 - CONTROL NUMBER | |
| control field | ABS53197 |
| 008 - FIXED-LENGTH DATA ELEMENTS--GENERAL INFORMATION | |
| fixed length control field | 090401t1995 xxu||||| |||| 00| 0 eng d |
| 035 ## - SYSTEM CONTROL NUMBER | |
| System control number | (Sirsi) u2602 |
| 041 ## - LANGUAGE CODE | |
| Language code of text/sound track or separate title | eng |
| 245 ## - TITLE STATEMENT | |
| Title | Ruxley Electronics and Constructions Ltd v Forsyth; Laddingford Enclosures Ltd v Forsyth |
| 260 ## - PUBLICATION, DISTRIBUTION, ETC. | |
| Date of publication, distribution, etc. | 1995 |
| 350 ## - PRICE (NR) (BK AM CF MU VM SE) [OBSOLETE] | |
| Price | 0 |
| 490 ## - SERIES STATEMENT | |
| Series statement | Weekly Law Reports |
| Volume/sequential designation | (1995) 3 WLR 118-140(23) |
| 520 ## - SUMMARY, ETC. | |
| Summary, etc. | HL 29 June 1995. At issue was whether the cost of rectifying a defect in the construction of swimming pool, was recoverable. The contract specified a diving depth of 7ft 6ins, but on completion, the depth was only 6ft. Although there was no adverse effect on the value of the property, the cost of rebuilding the pool to the correct specifications was over £21,000. Judgment for R and L on their claims for the outstanding balance of the contractual price, and an award to F of £2,500 for loss of amenity, dismissing F`s counterclaim for breach of contract, holding that the claim for reinstatement costs was unreasonable. F appealed to the CA. CA allowed the appeal on the basis that the loss as a result of the breach of contract was the amount required to place him in the same position as he would have been had the contract been performed. R and L appealed to the HL. Held, allowing the appeal, that where expenditure was out of proportion to the benefit to be obtained, the measure of damages. |
| 650 ## - SUBJECT ADDED ENTRY--TOPICAL TERM | |
| Topical term or geographic name entry element | BREACH OF CONTRACT |
| 650 ## - SUBJECT ADDED ENTRY--TOPICAL TERM | |
| Topical term or geographic name entry element | DAMAGES |
| 650 ## - SUBJECT ADDED ENTRY--TOPICAL TERM | |
| Topical term or geographic name entry element | DIMINUTION IN VALUE |
| 650 ## - SUBJECT ADDED ENTRY--TOPICAL TERM | |
| Topical term or geographic name entry element | MEASURE OF DAMAGES |
| 650 ## - SUBJECT ADDED ENTRY--TOPICAL TERM | |
| Topical term or geographic name entry element | SWIMMING POOL |
| 690 ## - LOCAL SUBJECT ADDED ENTRY--TOPICAL TERM (OCLC, RLIN) | |
| Topical term or geographic name as entry element | BUILDING AND CONSTRUCTION-CASE LAW |
| 942 ## - ADDED ENTRY ELEMENTS (KOHA) | |
| Suppress in OPAC | 0 |
| 948 ## - LOCAL PROCESSING INFORMATION (OCLC); SERIES PART DESIGNATOR (RLIN) | |
| c (OCLC) | 04/03/1997 |
| Withdrawn status | Lost status | Source of classification or shelving scheme | Damaged status | Not for loan | Home library | Current library | Shelving location | Date acquired | Total Checkouts | Full call number | Barcode | Date last seen | Copy number | Price effective from | Koha item type |
|---|---|---|---|---|---|---|---|---|---|---|---|---|---|---|---|
| Dewey Decimal Classification | London | London | Journal article | 14/09/1999 | ABS53197 | 2602-1001 | 06/08/2019 | 1 | 06/08/2019 | Law report |